LEADER 01356nam a2200289 i 4500 001 000000053969 003 CaOOAMICUS 005 20100819000000.0 008 100819s1975 it u000 u ita u 013 $a25141 040 $aSeMil$bita 100 1 $aSullivan, Henry Stack <1892-1949>.$0(OLS)http://semarc/name/26743 240 10$aConceptions of modern psychiatry.$0(OLS)http://semarc/title/83362 245 13$aLa moderna concezione della psichiatria /$cHenry Stack Sullivan ; con un saggio critico di Patrick Mullahy ; [trad. di Enzo David Mezzacapa]. 250 $a3. ed. 260 $aMilano :$bFeltrinelli,$c1975. 300 $aXXVII, 296 p. ;$c23 cm. 490 0 $aBiblioteca di psichiatria e di psicologia clinica ;$v1 650 4$aPsichiatria.$0(OLS)http://semarc/subject/1543 700 1 $aMezzacapa, Enzo David.$0(OLS)http://semarc/name/26745 700 1 $aMullahy, Patrick <1912-1982>.$0(OLS)http://semarc/name/26744 830 0$aBiblioteca di psichiatria e di psicologia clinica ;$v1.$0(OLS)http://semarc/title/2612 850 $aSeMil 852 $aSeMil$W1$xVenegono$y1$m2O V 165$j20123$B20123$CSeMilBibl$Z2$F20125 $81 961 $aOmaggio: Agenzia internazionale 996 $6245$aLa moderna concezione della psichiatria$9(OLS)http://semarc/title/83361 996 $6260$aMilano :$bFeltrinelli$9(OLS)http://semarc/publisher/30237 LEADER 00949nam a2200229 i 4500 001 000000075832 003 CaOOAMICUS 005 20110706000000.0 008 110706s1858 it u000 u ita u 013 $a47004 040 $aSeMil$bita 100 1 $aBianchetti, Giuseppe.$0(OLS)http://semarc/name/37422 245 10$aDei lettori e dei parlatori :$bsaggi due /$cdi Giuseppe Bianchetti ; alcune lettere di lui medesimo. 250 $aNuova ed. / riveduta dall'autore. 260 $aFirenze :$bLe Monnier,$c1858. 300 $a416 p. ;$c19 cm. 650 4$aLetteratura - Saggi.$0(OLS)http://semarc/subject/200 650 4$aLingua italiana.$0(OLS)http://semarc/subject/7694 850 $aSeMil 852 $aSeMil$W1$xVenegono$y1$m1G IV 24 FA$j41984$B41984$CSeMilBibl$Z2$F41988 $8I 996 $6245$aDei lettori e dei parlatori :$bsaggi due$9(OLS)http://semarc/title/122951 996 $6260$aFirenze :$bLe Monnier$9(OLS)http://semarc/publisher/30060